000 00679nam a22002057a 4500
005 20251108172513.0
008 250721s9999 xx 000 0 ara d
082 1 4 _a823.009/أوك
100 1 _aاوكونور، فرانك
245 1 0 _aالصوت المنفرد ومقالات في القصة القصيرةthe lonely voice /
264 1 _aالقاهرة :
_bالهيئة المصرية العامة،
300 _a231ص. اوك
650 1 7 _aالأدب العالمي
650 1 7 _aالأدب الإنجليزي
650 1 7 _aالنقد
650 1 7 _aالنقدالأدبي
700 1 _aربيعي، محمود
_eمترجم
942 _2ddc
_cBK
999 _c81026
_d81026